The Random House basic dictionary of synonyms & antonyms. (Record no. 941)

000 -LEADER
fixed length control field 00549nam a2200181 a 4500
001 - CONTROL NUMBER
control field :::00014120$&:&@@
003 - CONTROL NUMBER IDENTIFIER
control field OkBaRHE
005 - DATE AND TIME OF LATEST TRANSACTION
control field 20100325144738.0
008 - FIXED-LENGTH DATA ELEMENTS--GENERAL INFORMATION
fixed length control field s1983 j 000 0 eng u
040 ## - CATALOGING SOURCE
Transcribing agency
245 14 - TITLE STATEMENT
Title The Random House basic dictionary of synonyms & antonyms.
260 ## - PUBLICATION, DISTRIBUTION, ETC. (IMPRINT)
Place of publication, distribution, etc New York, NY., :
Name of publisher, distributor, etc Ballantine Books
Date of publication, distribution, etc 1983
300 ## - PHYSICAL DESCRIPTION
Extent 137 p. ;
Dimensions 18 cm.
650 ## - SUBJECT ADDED ENTRY--TOPICAL TERM
Topical term or geographic name as entry element Antonyms
650 ## - SUBJECT ADDED ENTRY--TOPICAL TERM
Topical term or geographic name as entry element Synonyms
942 ## - ADDED ENTRY ELEMENTS (KOHA)
Source of classification or shelving scheme
Koha item type Books
Copies
Not for loan Collection code Date last seen Price effective from Shelving location Date acquired Withdrawn status Damaged status Source of classification or shelving scheme Barcode Lost status Copy number Koha item type Permanent Location Full call number
 Reference2010-04-142010-04-14General Stacks2010-04-14   14120 1BooksRHEMA Bible Training CollegePC 4640 .R26